Detalles MARC
| 000 -LEADER |
| longitud fija campo de control |
02690 ab a2200805 4500 |
| 003 - IDENTIFICADOR DE NUMERO DE CONTROL |
| control del campo |
AR-RoUNA |
| 005 - FECHA DE LA ULTIMA MODIFICACION |
| control del campo |
20260605101714.0 |
| 008 - CAMPO DE CONTROL - LIBROS |
| longitud fija campo de control |
140529c1994||||sp|ade|f |001 0bspa d |
| 022 ## - ISSN |
| ISSN |
02125683 |
| 040 ## - ORIGEN DE LA CATALOGACION |
| Agencia que cataloga la obra original |
AR-RoUNA |
| Idioma en que se cataloga |
spa |
| 041 1# - CODIGO DE IDIOMA |
| Codigo de idioma del texto / sonido o titulo separado |
spa |
| -- |
eng |
| 080 ## - CDU |
| Numero de clasificacion |
72.036 |
| 092 ## - SIGNATURA TOPOGRAFICA |
| Seccion |
Heme |
| Numero de clasificacion |
72.036 |
| Libristica |
A552 |
| 245 00 - TITULO PROPIAMENTE DICHO |
| Titulo |
Tadao Ando : |
| Subtitulo |
1983-1989 / |
| Mencion de responsabilidad, etc |
editores y directores: Richard Levene y Fernando Márquez Cecilia |
| 246 32 - VARIANTE DE TITULO |
| Titulo propiamente dicho / titulo corto |
El Croquis |
| Numero de la parte / seccion de una obra |
nº 44 |
| 260 ## - EDITORIAL - PUBLICACION, DISTRIBUCION, ETC. (Pie de imprenta) |
| Lugar de publicacion, distribucion, etc |
Madrid, España : |
| Nombre del editor, distribuidor, etc |
El Croquis Editorial, |
| Fecha de publicacion |
1992 |
| 300 ## - DESCRIPCION FISICA |
| Extension |
204 p. : |
| Otros detalles fisicos |
il., |
| Dimensiones |
33 cm. |
| 440 3# - DECLARACION DE SERIE / ASIENTO SECUNDARIO - TITULO |
| Titulo |
El Croquis |
| ISSN |
ISSN 02125683 |
| 9 (RLIN) |
3875 |
| 505 0# - NOTA DE CONTENIDO CON FORMATO |
| Título |
ÍNDICE |
| 505 0# - NOTA DE CONTENIDO CON FORMATO |
| Título |
Tadao Ando:1983 / 1990 p.4 |
| 505 0# - NOTA DE CONTENIDO CON FORMATO |
| Título |
Tadao Ando / Composición Espacial y Naturaleza p.5 |
| 505 0# - NOTA DE CONTENIDO CON FORMATO |
| Título |
20 Obras y Proyectos |
| 505 0# - NOTA DE CONTENIDO CON FORMATO |
| Título |
Características Inherentes p.21 |
| 505 0# - NOTA DE CONTENIDO CON FORMATO |
| Título principal |
Casa Koshino |
| 505 0# - NOTA DE CONTENIDO CON FORMATO |
| Título principal |
Vivienda Rokko I |
| 505 0# - NOTA DE CONTENIDO CON FORMATO |
| Título principal |
Vivienda Rokko II |
| 505 0# - NOTA DE CONTENIDO CON FORMATO |
| Título principal |
Time´s I y II |
| 505 0# - NOTA DE CONTENIDO CON FORMATO |
| Título principal |
Museo de los Niños |
| 505 0# - NOTA DE CONTENIDO CON FORMATO |
| Título |
Naturaleza hecha Abstracción p.67 |
| 505 0# - NOTA DE CONTENIDO CON FORMATO |
| Título principal |
Capilla en el Monte Rokko |
| 505 0# - NOTA DE CONTENIDO CON FORMATO |
| Título principal |
Iglesia sobre el Agua |
| 505 0# - NOTA DE CONTENIDO CON FORMATO |
| Título principal |
Teatro sobre el Agua |
| 505 0# - NOTA DE CONTENIDO CON FORMATO |
| Título principal |
Iglesia de la Luz |
| 505 0# - NOTA DE CONTENIDO CON FORMATO |
| Título |
Naturaleza Encerrada p.107 |
| 505 0# - NOTA DE CONTENIDO CON FORMATO |
| Título principal |
Casa Kidosaki |
| 505 0# - NOTA DE CONTENIDO CON FORMATO |
| Título principal |
Casa I |
| 505 0# - NOTA DE CONTENIDO CON FORMATO |
| Título |
Naturaleza que ha sido Filtrada p.135 |
| 505 0# - NOTA DE CONTENIDO CON FORMATO |
| Título principal |
Casa Bloques de Vidrio |
| 505 0# - NOTA DE CONTENIDO CON FORMATO |
| Título principal |
Pabellón principal parala Feria Tennoji |
| 505 0# - NOTA DE CONTENIDO CON FORMATO |
| Título |
Naturaleza que Invade p.147 |
| 505 0# - NOTA DE CONTENIDO CON FORMATO |
| Título principal |
Proyecto Shibuya |
| 505 0# - NOTA DE CONTENIDO CON FORMATO |
| Título principal |
Taller de Yoshie Inaba |
| 505 0# - NOTA DE CONTENIDO CON FORMATO |
| Título principal |
Galería Akka |
| 505 0# - NOTA DE CONTENIDO CON FORMATO |
| Título |
Naturaleza que Flota p.167 |
| 505 0# - NOTA DE CONTENIDO CON FORMATO |
| Título principal |
Salón Conmemorativo Natsukawa |
| 505 0# - NOTA DE CONTENIDO CON FORMATO |
| Título principal |
Edificio Sede de Raika |
| 505 0# - NOTA DE CONTENIDO CON FORMATO |
| Título |
Espacios y Tiempos superpuestos p.177 |
| 505 0# - NOTA DE CONTENIDO CON FORMATO |
| Título principal |
Proyecto Nakanoshima Urbam Egg |
| 505 0# - NOTA DE CONTENIDO CON FORMATO |
| Título principal |
Proyecto Nakanoshima Space Strata |
| 505 0# - NOTA DE CONTENIDO CON FORMATO |
| Título |
CRÍTICA |
| 505 0# - NOTA DE CONTENIDO CON FORMATO |
| Título principal |
José L. González / La arquitectura sin Velos p.7 |
| 505 0# - NOTA DE CONTENIDO CON FORMATO |
| Título principal |
Alain Bretagnolle / El mensaje intemporal de la Naturaleza p.186 |
| 505 0# - NOTA DE CONTENIDO CON FORMATO |
| Título principal |
Frederic Schoeller / Luz Cursiva |
| 600 #0 - MATERIA - NOMBRES PERSONALES |
| Nombre personal |
Ando, Tadao |
| Fechas asociadas con el nombre |
1941- |
| 9 (RLIN) |
6196 |
| 648 4# - MATERIA - TERMINOS CRONOLOGICOS |
| Termino cronologico |
1983-1992 |
| -- |
6197 |
| 650 4# - MATERIA - TERMINO TEMATICO |
| Término tematico general |
Arquitectura contemporanea |
| 9 (RLIN) |
431 |
| 650 4# - MATERIA - TERMINO TEMATICO |
| Término tematico general |
Biografias |
| 9 (RLIN) |
257 |
| 650 4# - MATERIA - TERMINO TEMATICO |
| Término tematico general |
Arquitectos japoneses |
| 9 (RLIN) |
6198 |
| 650 4# - MATERIA - TERMINO TEMATICO |
| Término tematico general |
Viviendas unifamiliares |
| 9 (RLIN) |
926 |
| 650 4# - MATERIA - TERMINO TEMATICO |
| Término tematico general |
Centros comunitarios |
| 9 (RLIN) |
1317 |
| 650 4# - MATERIA - TERMINO TEMATICO |
| Término tematico general |
Centros Culturales |
| 9 (RLIN) |
1558 |
| 650 4# - MATERIA - TERMINO TEMATICO |
| Término tematico general |
Capillas |
| 9 (RLIN) |
1705 |
| 650 4# - MATERIA - TERMINO TEMATICO |
| Término tematico general |
Museos |
| 9 (RLIN) |
1136 |
| 773 0# - ENTRADA DEL ITEM MAYOR |
| Entrada principal |
El Croquis |
| Lugar, editorial y fecha de la publicación |
Madrid, España |
| Vol. - nro. (mes-año), pág. |
nº 44 |
| ISSN |
02125683 |
| 908 ## - SOPORTE |
| Soporte |
Imp |
| 930 ## - ACCESION |
| N |
vol. 44 |
| Numero de accesion (NR) |
12332 |
| 942 ## - FUENTE DE CLASIFICACION |
| Clasificacion |
Universal Decimal Classification |
| Tipo de item |
Analítica |
| 945 ## - INFORMACION DE PROCESAMIENTO |
| Codigo del operador |
MIA |
| Fecha de ingreso o modificacion |
2026-04-08 |
| 980 ## - EQUIVALENCE OR CROSS-REFERENCE-SERIES STATEMENT--PERSONAL NAME/TITLE [LOCAL, CANADA] |
| Linkage |
1 |
| Personal name |
Maricel Allasia |
| Field link and sequence number |
1 |
| Miscellaneous information |
Maricel Allasia |